The Rolling Stones Songs on Studio Albums - Statistics

General Stats
  • This quiz has been taken 263 times
  • The average score is 52 of 332
Answer Stats
Answer % Correct
Paint It, Black
81%
(I Can't Get No) Satisfaction
80%
Sympathy for the Devil
78%
Brown Sugar
76%
Angie
75%
Gimme Shelter
74%
Start Me Up
70%
Wild Horses
65%
Miss You
61%
Under My Thumb
61%
Beast of Burden
60%
It's Only Rock 'N Roll (But I Like It)
60%
You Can't Always Get What You Want
60%
Let it Bleed
58%
Ruby Tuesday
58%
She's a Rainbow
55%
Some Girls
53%
Tumbling Dice
52%
Street Fighting Man
50%
Emotional Rescue
48%
Get Off of My Cloud
46%
Midnight Rambler
43%
Let's Spend the Night Together
40%
Bitch
39%
Can't You Hear Me Knocking
39%
Dead Flowers
39%
Happy
39%
Monkey Man
38%
Moonlight Mile
38%
Sweet Virginia
37%
Mother's Little Helper
36%
Sister Morphine
35%
Waiting on a Friend
35%
Country Honk
34%
Rocks Off
33%
Shattered
32%
Lady Jane
31%
The Last Time
31%
Sway
30%
You Got the Silver
30%
As Tears Go By
29%
Dirty Work
29%
Rip This Joint
29%
Shine a Light
29%
Little Red Rooster
28%
Route 66
28%
2000 Light Years from Home
27%
Far Away Eyes
27%
Fool to Cry
27%
Harlem Shuffle
27%
Love in Vain
27%
Loving Cup
27%
Loving Cup (alternate take)
27%
Parachute Woman
27%
Time Is on My Side
27%
Time Is On My Side
27%
Hang Fire
25%
Salt of the Earth
25%
Doo Doo Doo Doo Doo (Heartbreaker)
24%
Jigsaw Puzzle
24%
No Expectations
24%
Play with Fire
24%
Star Star
24%
Undercover of the Night
23%
Ventilator Blues
23%
Anybody Seen My Baby?
22%
Dancing with Mr. D
22%
Dear Doctor
22%
Live with Me
22%
Out of Time
22%
Shake Your Hips
22%
She's So Cold
22%
Casino Boogie
21%
Yesterday's Papers
21%
Blue and Lonesome
20%
Goin' Home
20%
I Got the Blues
20%
Just My Imagination (Running Away with Me)
20%
Little T&A
20%
Stupid Girl
20%
Torn and Frayed
20%
When the Whip Comes Down
20%
You Gotta Move
20%
Before They Make Me Run
19%
Factory Girl
19%
Not Fade Away
19%
Prodigal Son
19%
Slave
19%
Stray Cat Blues
19%
Sweet Black Angel
19%
Time Waits for No One
19%
100 Years Ago
18%
All Down the Line
18%
All Down the Line (alternate take)
18%
Carol
18%
Citadel
18%
It's All Over Now
18%
Respectable
18%
Silver Train
18%
Soul Survivor
18%
Soul Survivor (alternate take)
18%
The Spider and the Fly
18%
Winter
18%
Love is Strong
17%
Memory Motel
17%
Ain't Too Proud to Beg
16%
Coming Down Again
16%
Connection
16%
Heaven
16%
Hot Stuff
16%
I Just Want to See His Face
16%
Let it Loose
16%
Mixed Emotions
16%
Slipping Away
16%
Turd on the Run
16%
Hey Negrita
15%
Neighbours
15%
Sing This All Together
15%
Sing This All Together (See What Happens)
15%
The Lantern
15%
2000 Man
14%
Around and Around
14%
Hand of Fate
14%
Heart of Stone
14%
Lies
14%
Rock and a Hard Place
14%
Tell Me
14%
Tops
14%
Can You Hear the Music
13%
Crazy Mama
13%
Dance, Pt. 1
13%
Flight 505
13%
Gomper
13%
In Another Land
13%
One Hit (To the Body)
13%
Out of Control
13%
Saint of Me
13%
Black Limousine
12%
Fingerprint File
12%
Flip the Switch
12%
If You Can't Rock Me
12%
Melody
12%
Mona (I Need You Baby)
12%
Rough Justice
12%
Sad Sad Sad
12%
Something Happened to Me Yesterday
12%
Walking the Dog
12%
You Got Me Rocking
12%
Dance Little Sister
11%
Miss Amanda Jones
11%
Scarlet (with Jimmy Page)
11%
Stop Breaking Down
11%
Streets of Love
11%
The Worst
11%
Worried About You
11%
Almost Hear You Sigh
10%
Cherry Oh Baby
10%
Cool, Calm & Collected
10%
Doncha Bother Me
10%
Good Times
10%
Hide Your Love
10%
High and Dry
10%
I Am Waiting
10%
I'm Free
10%
Indian Girl
10%
Mercy, Mercy
10%
No Use in Crying
10%
Pass the Wine (Sophia Loren)
10%
She Smiled Sweetly
10%
She Was Hot
10%
Short and Curlies
10%
That's How Strong My Love Is
10%
All About You
9%
Continental Drift
9%
Down in the Hole
9%
Everybody Needs Somebody to Love
9%
Let Me Go
9%
Luxury
9%
Out of Tears
9%
She Said Yeah
9%
The Under Assistant West Coast Promotion Man
9%
Think
9%
Thru and Thru
9%
Where the Boys Go
9%
Who's Been Sleeping Here?
9%
Blinded by Rainbows
8%
I'm a King Bee
8%
It's Not Easy
8%
On with the Show
8%
Rain Fall Down
8%
Send It to Me
8%
Summer Romance
8%
What to Do
8%
Already Over Me
7%
Back Street Girl
7%
Blinded by Love
7%
Can I Get a Witness
7%
Congratulations
7%
Criss Cross
7%
Fight
7%
Gunface
7%
Hitch Hike
7%
I Can't Quit You Baby
7%
If You Really Want to Be My Friend
7%
I Go Wild
7%
I Just Want to Make Love to You
7%
Mean Disposition
7%
Might as Well Get Juiced
7%
Moon is Up
7%
My Obsession
7%
Now I've Got a Witness
7%
Off the Hook
7%
Pain in My Heart
7%
Please Go Home
7%
Plundered My Soul
7%
Sleep Tonight
7%
Sparks Will Fly
7%
Suck on the Jugular
7%
Sweethearts Together
7%
Sweet Neo Con
7%
Take It or Leave It
7%
Terrifying
7%
Thief in the Night
7%
Till the Next Goodbye
7%
Too Much Blood
7%
Too Rude
7%
Too Tight
7%
You Don't Have to Mean It
7%
All Sold Out
6%
Back to Zero
6%
Blue Turns to Gray
6%
Brand New Car
6%
Can't Be Seen
6%
Complicated
6%
Good Times, Bad Times
6%
Hearts for Sale
6%
Hold On to Your Hat
6%
Low Down
6%
Ride 'Em On Down
6%
Suzie Q
6%
Suzie-Q
6%
This Place is Empty
6%
Under the Boardwalk
6%
Wanna Hold You
6%
Winning Ugly
6%
You Can't Catch Me
6%
2120 South Michigan Avenue
5%
All the Rage
5%
Always Suffering
5%
Baby Break it Down
5%
Back of my Hand
5%
Biggest Mistake
5%
Break the Spell
5%
Claudine
5%
Confessin' the Blues
5%
Cry to Me
5%
Down Home Girl
5%
Down the Road Apiece
5%
Empty Heart
5%
Good Time Women
5%
Had It with You
5%
Honest I Do
5%
How Can I Stop
5%
I'm All Right
5%
Infamy
5%
It Must Be Hell
5%
Just Your Fool
5%
Key to the Highway
5%
Laugh, I Nearly Died
5%
Little by Little
5%
Look What the Cat Dragged In
5%
New Faces
5%
No Spare Parts
5%
Oh No, Not You Again
5%
Tallahassee Lassie
5%
Title 5
5%
You Better Move On
5%
All the Way Down
4%
Driving Too Fast
4%
Feel on Baby
4%
Following the River
4%
Gotta Get Away
4%
Let Me Down Slow
4%
One More Try
4%
Petrol Blues
4%
Pretty Beat Up
4%
She Saw Me Coming
4%
Tie You Up (The Pain of Love)
4%
Too Tough
4%
What a Shame
4%
All of Your Love
3%
Commit a Crime
3%
Dancing in the Light
3%
Dangerous Beauty
3%
Do You Think I Really Care?
3%
Everybody Knows About My Good Thing
3%
Grown Up Wrong
3%
Hate to See You Go
3%
Hold Back
3%
Hoo Doo Blues
3%
If You Need Me
3%
I Gotta Go
3%
I'm Moving On
3%
I'm Not Signifying
3%
It Won't Take Long
3%
Just Like I Treat You
3%
Keep Up Blues
3%
Little Rain
3%
Oh Baby (We Got a Good Thing Goin')
3%
So Divine (Aladdin Story)
3%
So Young
3%
Talkin' About You
3%
The Singer Not the Song
3%
We Had It All
3%
When You're Gone
3%
You Can Make It If You Try
3%
You Win Again
3%
Don't Be a Stranger
2%
I Can't Be Satisfied
2%
I Love You Too Much
2%
Surprise Surprise
2%
Look What You've Done
1%
No matching quizzes found
Score Distribution
Percent of People with Each Score
Percentile by Number Answered
Your Score History
You have not taken this quiz